II. Dr. Sztanó Imre Emlékkonferencia Tudományos Konferencia konferenciakötete

Bibliográfiai részletek
Szerzők: Denich Ervin
Siklósi Ágnes
Dokumentumtípus: Könyv
Megjelent: Budapesti Gazdaságtudományi Egyetem Budapest 2025
Tárgyszavak:
doi:10.29180/978-615-6886-22-4

Online Access:http://publikaciotar.uni-bge.hu/2594

MARC

LEADER 00000nam a2200000 i 4500
001 publ2594
005 20260128133525.0
008 260128s2025 hu o 000 zxx d
020 |a 978-615-6886-22-4 
024 |a 10.29180/978-615-6886-22-4  |2 doi 
040 |a BGE Publikációtár Repozitórium  |b hun 
100 1 |a Denich Ervin 
245 1 0 |a II. Dr. Sztanó Imre Emlékkonferencia  |b Tudományos Konferencia konferenciakötete  |c Denich Ervin  |h [elektronikus dokumentum] 
260 |a Budapesti Gazdaságtudományi Egyetem  |b Budapest  |c 2025 
300 |a 217 
650 4 |a közgazdaságtudományok 
700 1 |a Siklósi Ágnes  |e aut 
856 4 0 |u https://publikaciotar.uni-bge.hu/id/eprint/2594/1/Dr.%20Sztan%C3%B3%20Imre%20Elml%C3%A9kkonferencia_konferenciak%C3%B6tet.pdf  |z Dokumentum-elérés